000 00529nam a2200181Ia 4500
003 GCL
008 140319s9999 xx 000 0 ara d
040 _aGCL /
_cGCL
082 0 4 _aط
_b227
_bع ق
100 1 _aعبدالتواب يوسف
245 1 0 _aالقران كتاب هزم الشيطان /
_cعبدالتواب يوسف
300 _a66
490 _aالمكتبة القرانية
_v0
650 0 4 _aالقران - سور وايات
650 0 4 _aالقران
650 0 4 _aسورة النساء
942 _2ddc
_cBK
999 _c46511
_d46511